Selbstbelastung und Verfahrenstrennung: das Verbot des Zwangs zur aktiven Mitwirkung am eigenen Strafverfahren und seine Ausstrahlungswirkung auf die gesetzlichen Mitwirkungspflichten des Verwaltungsrechts
| Autor principal: | |
|---|---|
| Tipo de documento: | Print Libro |
| Lenguaje: | Alemán |
| Publicado: |
Berlin
Duncker und Humblot
1997
|
| En: |
Schriften zum Prozessrecht (129)
Año: 1997 |
| Acceso en línea: |
Contenido Índice Información sobre el editorial |
| Verificar disponibilidad: | HBZ Gateway |
| Servicio de pedido Subito: | Pedir ahora. |
| Palabras clave: |
MARC
| LEADER | 00000cam a2200000 c 4500 | ||
|---|---|---|---|
| 001 | 272126055 | ||
| 003 | DE-627 | ||
| 005 | 20260206200121.0 | ||
| 007 | tu | ||
| 008 | 970224s1997 gw ||||| m 00| ||ger c | ||
| 015 | |a 97,N07,0220 |2 dnb | ||
| 015 | |a 97,H06,0472 |2 dnb | ||
| 016 | 7 | |a 949505374 |2 DE-101 | |
| 020 | |a 3428087143 |9 3-428-08714-3 | ||
| 035 | |a (DE-627)272126055 | ||
| 035 | |a (DE-603)051789353 | ||
| 035 | |a (DE-576)057425078 | ||
| 035 | |a (DE-599)GBV272126055 | ||
| 035 | |a (OCoLC)246390093 | ||
| 035 | |a (OCoLC)845345388 | ||
| 035 | |a (OCoLC)40295672 | ||
| 040 | |a DE-627 |b ger |c DE-627 |e rakwb | ||
| 041 | |a ger | ||
| 044 | |c XA-DE-BE |c XA-DE | ||
| 084 | |a 19 |a 16 |a 20 |2 sdnb | ||
| 084 | |a PH 4730 |2 rvk |0 (DE-625)rvk/136146: | ||
| 084 | |a PH 5150 |2 rvk |0 (DE-625)rvk/136186: | ||
| 084 | |a PH 4830 |2 rvk |0 (DE-625)rvk/136153: | ||
| 084 | |a 86.36 |2 bkl | ||
| 084 | |a 86.48 |2 bkl | ||
| 100 | 1 | |a Wolff, Heinrich Amadeus |d 1965- |0 (DE-588)114925577 |0 (DE-627)504633228 |0 (DE-576)176230971 |4 aut | |
| 109 | |a Wolff, Heinrich Amadeus 1965- |a Wolff, Heinrich 1965- |a Wolff, Heinrich A. 1965- | ||
| 245 | 1 | 0 | |a Selbstbelastung und Verfahrenstrennung |b das Verbot des Zwangs zur aktiven Mitwirkung am eigenen Strafverfahren und seine Ausstrahlungswirkung auf die gesetzlichen Mitwirkungspflichten des Verwaltungsrechts |c von Heinrich Amadeus Wolff |
| 264 | 1 | |a Berlin |b Duncker und Humblot |c 1997 | |
| 300 | |a 335 S. | ||
| 336 | |a Text |b txt |2 rdacontent | ||
| 337 | |a ohne Hilfsmittel zu benutzen |b n |2 rdamedia | ||
| 338 | |a Band |b nc |2 rdacarrier | ||
| 490 | 1 | |a Schriften zum Prozessrecht |v 129 | |
| 500 | |a Literaturverz. S. [282] - 324 | ||
| 502 | |a Zugl.: Speyer, Hochsch. für Verwaltungswiss., Diss., 1995-1996 | ||
| 583 | 1 | |a Archivierung prüfen |c 20240324 |f DE-4165 |z 3 |2 pdager | |
| 655 | 7 | |a Hochschulschrift |0 (DE-588)4113937-9 |0 (DE-627)105825778 |0 (DE-576)209480580 |2 gnd-content | |
| 689 | 0 | 0 | |d s |0 (DE-588)4193611-5 |0 (DE-627)105225797 |0 (DE-576)210088613 |a Aussagefreiheit |2 gnd |
| 689 | 0 | 1 | |d s |0 (DE-588)4063359-7 |0 (DE-627)106128337 |0 (DE-576)209148314 |a Verwaltungsverfahren |2 gnd |
| 689 | 0 | 2 | |d s |0 (DE-588)4170266-9 |0 (DE-627)105403660 |0 (DE-576)209928921 |a Mitwirkungspflicht |2 gnd |
| 689 | 0 | |5 DE-101 | |
| 751 | |a Speyer |0 (DE-588)4056179-3 |0 (DE-627)106155474 |0 (DE-576)209116889 |4 uvp | ||
| 830 | 0 | |a Schriften zum Prozessrecht |v 129 |9 129 |w (DE-627)130092606 |w (DE-576)015625567 |w (DE-600)500653-3 |x 0582-0219 |7 am | |
| 856 | 4 | 2 | |u https://swbplus.bsz-bw.de/bsz057425078vlg.htm |m V:DE-576 |v 2006-08-08 |3 Inhaltstext |7 1 |
| 856 | 4 | 2 | |u http://www.gbv.de/dms/spk/sbb/toc/272126055.pdf |m V:DE-601 |m B:DE-1 |q pdf/application |x Verlag |y Inhaltsverzeichnis |3 Inhaltsverzeichnis |7 1 |
| 856 | 4 | 2 | |u http://scans.hebis.de/HEBCGI/show.pl?05178935_vlg.html |m V:DE-576 |q text/html |3 Verlagsinformation |7 1 |
| 889 | |w (DE-627)223510475 | ||
| 935 | |i Blocktest | ||
| 935 | |h HEB |i 0501 | ||
| 935 | |h HEB |i 0503 | ||
| 936 | r | v | |a PH 4730 |b Komplexe Untersuchungen |k Rechtswissenschaft |k Strafrecht, Strafverfahrensrecht, Kriminologie |k Strafverfahrensrecht |k Allgemeines |k Komplexe Untersuchungen |0 (DE-627)1272081095 |0 (DE-625)rvk/136146: |0 (DE-576)202081095 |
| 936 | r | v | |a PH 5150 |b Sonstige Einzeldarstellungen |k Rechtswissenschaft |k Strafrecht, Strafverfahrensrecht, Kriminologie |k Strafverfahrensrecht |k Sonstige Einzeldarstellungen |0 (DE-627)1271954761 |0 (DE-625)rvk/136186: |0 (DE-576)201954761 |
| 936 | r | v | |a PH 4830 |b Angeklagter, Verteidiger |k Rechtswissenschaft |k Strafrecht, Strafverfahrensrecht, Kriminologie |k Strafverfahrensrecht |k Rechtsstellung der Verfahrensbeteiligten |k Angeklagter, Verteidiger |0 (DE-627)1271739852 |0 (DE-625)rvk/136153: |0 (DE-576)201739852 |
| 936 | b | k | |a 86.36 |j Strafprozessrecht |0 (DE-627)106413570 |
| 936 | b | k | |a 86.48 |j Verwaltungsorganisationsrecht |j Verwaltungsverfahren |0 (DE-627)106410172 |
| 936 | s | n | |a p100 |2 mzub |
| 936 | s | n | |a m100 |2 mzub |
| 951 | |a BO | ||
| ELC | |b 1 | ||
| LOK | |0 000 xxxxxcx a22 zn 4500 | ||
| LOK | |0 001 3171744104 | ||
| LOK | |0 003 DE-627 | ||
| LOK | |0 004 272126055 | ||
| LOK | |0 005 20151116135108 | ||
| LOK | |0 008 150728||||||||||||||||ger||||||| | ||
| LOK | |0 035 |a (DE-21-110)kd52349 | ||
| LOK | |0 040 |a DE-21-110 |c DE-627 |d DE-21-110 | ||
| LOK | |0 689 |a s |a Schweigerecht | ||
| LOK | |0 689 |a s |a Beschuldigte | ||
| LOK | |0 852 |z Kein Bestand am IfK; Nachweis für KrimDok | ||
| LOK | |0 852 |a DE-21-110 | ||
| LOK | |0 852 1 |9 00 | ||
| LOK | |0 935 |a k110 | ||
| LOK | |0 939 |a 28-07-15 |b l01 | ||
| ORI | |a SA-MARC-krimdoka001.raw | ||
